Introduction to political science (Record no. 60781)
[ view plain ]
| 000 -LEADER | |
|---|---|
| fixed length control field | 00579 a2200205 4500 |
| 082 ## - DEWEY DECIMAL CLASSIFICATION NUMBER | |
| Classification number | 320 |
| Item number | D584i |
| 100 ## - MAIN ENTRY--PERSONAL NAME | |
| Personal name | Dillon, Conley hall, 1906 |
| 9 (RLIN) | 22762 |
| 100 ## - MAIN ENTRY--PERSONAL NAME | |
| Personal name | Leiden, Carl |
| 9 (RLIN) | 22763 |
| 100 ## - MAIN ENTRY--PERSONAL NAME | |
| Personal name | Stewart, Paul D. |
| 9 (RLIN) | 22764 |
| 245 ## - TITLE STATEMENT | |
| Title | Introduction to political science |
| 260 ## - PUBLICATION, DISTRIBUTION, ETC. | |
| Place of publication, distribution, etc. | N.J. |
| Name of publisher, distributor, etc. | Van Nostrand |
| Date of publication, distribution, etc. | 1958 |
| 300 ## - PHYSICAL DESCRIPTION | |
| Extent | vii,298p. illus. |
| 504 ## - BIBLIOGRAPHY, ETC. NOTE | |
| Bibliography, etc. note | Bibliography at the end of each chapter |
| 650 ## - SUBJECT ADDED ENTRY--TOPICAL TERM | |
| Topical term or geographic name entry element | State |
| 9 (RLIN) | 537 |
| 650 ## - SUBJECT ADDED ENTRY--TOPICAL TERM | |
| Topical term or geographic name entry element | Democracy |
| 650 ## - SUBJECT ADDED ENTRY--TOPICAL TERM | |
| Topical term or geographic name entry element | Autocracy |
| 9 (RLIN) | 12584 |
| 650 ## - SUBJECT ADDED ENTRY--TOPICAL TERM | |
| Topical term or geographic name entry element | Government and politics |
| 9 (RLIN) | 13136 |
| 653 ## - INDEX TERM--UNCONTROLLED | |
| Uncontrolled term | Political science |
| 942 ## - ADDED ENTRY ELEMENTS (KOHA) | |
| Source of classification or shelving scheme | Dewey Decimal Classification |
| Koha item type | General Collections |
| Withdrawn status | Lost status | Source of classification or shelving scheme | Damaged status | Not for loan | Home library | Current library | Date acquired | Total Checkouts | Full call number | Barcode | Date last seen | Price effective from | Koha item type | Date last checked out |
|---|---|---|---|---|---|---|---|---|---|---|---|---|---|---|
| Dewey Decimal Classification | Tribhuvan University Central Library | Tribhuvan University Central Library | 07/03/2011 | 320 D584i | 38178 | 07/03/2011 | 07/03/2011 | General Collections | ||||||
| Dewey Decimal Classification | Tribhuvan University Central Library | Tribhuvan University Central Library | 07/21/2011 | 1 | 320 D584i | 38179 | 03/14/2024 | 07/21/2011 | General Collections | 07/02/2023 |
